000
00260nam a2200097Ia 4500
001
1049256
005
20250826232310.0
008
250824s9999 xx 000 0 und d
245
0
_a
EVLİLİKLER YALNIZLIKLAR UMUTLAR
_c
MUSTAFA ULUSOY
260
_b
KETEBE YAYINLARI
999
_c
1049256
_d
1049256